000 01292nam2a22002891 4500
001 rc\4927184
005 20250613042110.0
021 _aRU
_b[60-10728]
035 _a(NLR Aleph) 008943839
090 _a8961607
_c8961607
100 _a20130426d1959 |||y0rusy50 ca
101 0 _arus
102 _aRU
105 _aa z |||||
200 1 _aСтереотелевидение
210 _d1959
_aБ. м.
215 _a81 с.
_cчерт.
_d21
300 _aНа обл. только авт. и загл. выпуска
461 0 _1001rc\4927180
_12001#$aУчебное пособие по курсу телевидения$fПод ред. П.В. Шмакова$gМ-во связи СССР. Ленингр. электротехн. ин-т связи им. проф. М.А. Бонч-Бруевича. Кафедра телевидения. Вып. 1-$vВып. 4
_98961585
_cЛенинград
_d1959
_fПод ред. П.В. Шмакова
_nБ. и.
_tУчебное пособие по курсу телевидения
_vВып. 4
606 _aСтереотелевидение (вып. 4)
_2psbo
700 1 _aДжахогтя
_bВ.Е.
701 1 _aШмаков
_bП.В.
801 0 _aRU
_bNLR
_gpsbo
801 1 _aRU
_bELAR
_2rusmarc
852 _aNLR
_j59-6/5837
942 _cBOOK
980 _aNB